| 000 | 00631nam a22001937a 4500 | ||
|---|---|---|---|
| 005 | 20100811132310.0 | ||
| 010 | _aENG-99699 | ||
| 020 |
_a97881890840235 _c2008 |
||
| 035 | _aEN-83231 | ||
| 037 | _bDBAD/PUB | ||
| 082 | _a485 | ||
| 100 |
_aSathya, D.M. _911521 |
||
| 245 |
_aPanache in english communication / _cby D.M. Sathya |
||
| 260 |
_aErode _bPallavi Pathippagam S.India _c2008 |
||
| 270 |
_a194,Kanna Complex, Methur Road _bErode _e11 |
||
| 300 |
_a60p. _c20cm (pbk) |
||
| 942 |
_2ddc _cEN _h485 _mSAT |
||
| 999 |
_c40960 _d40960 |
||